Logo BPK

Bibliografia Prac Pracowników

Politechniki Koszalińskiej

Istota i metody analizy finansowej w przedsiębiorstwie / (Rekord nr 4396)

Szczegóły MARC
000 -ETYKIETA REKORDU
podpole kontrolne o stałej długości 01061nab a2200205 i 4500
001 - NUMER KONTROLNY REKORDU
podpole kontrolne BPP
003 - IDENTYFIKATOR NUMERU KONTROLNEGO REKORDU
podpole kontrolne BPK
005 - DATA OSTATNIEJ MODYFIKACJI REKORDU
podpole kontrolne 20151123121135.0
008 - POLE O STAŁEJ DŁUGOŚCI - DANE KONTROLNE
podpole kontrolne o stałej długości 151123s2003 pl | | |000 ||pol
040 ## - ŹRÓDŁO KATALOGOWANIA
Instytucja, która utworzyła rekord BPK
080 ## - UNIWERSALNA KLASYFIKACJA DZIESIĘTNA - UKD
UKD 657.41/.45
100 ## - NAZWA OSOBOWA
Nazwa osobowa SKARBEK, Helena.
Lata pracy 2000 - .
Instytucja Politechnika Koszalińska - Wydział Ekonomii i Zarządzania,
Wydział Katedra Metod Ilościowych
245 ## - TYTUŁ/ODPOWIEDZIALNOŚĆ
Tytuł Istota i metody analizy finansowej w przedsiębiorstwie /
Pozostałe elementy strefy tytułu i oznaczenia odpowiedzialności Helena Skarbek.
260 ## - STREFA ADRESU WYDAWNICZEGO
Data publikacji, dystrybucji/powstania dokumentu 2003.
500 ## - UWAGI OGÓLNE
Tekst uwagi Dane z autopsji.
520 ## - UWAGA DOTYCZĄCA TREŚCI DOKUMENTU
Analiza dokumentacyjna, adnotacja itp. Artykuł omawiający metody analizy ekonomicznej, które dzieli się na analizę finansową i analizę techniczno-ekonomiczną. Stopień szczegółowości takiej analizy, jak również zakres przedmiotowy i czasowy zależy w dużym stopniu od przyjęcia określonego punktu odniesienia, jak również metody analizy finansowej.
650 #0 - HASŁO PRZEDMIOTOWE W FORMIE NAZWY OGÓLNEJ LUB JEDNOSTKOWEJ
Nazwa ogólna lub geograficzna Przedsiębiorstwo - finanse.
773 ## - TYTUŁ DOKUMENTU MACIERZYSTEGO
Wyrażenie wprowadzające W :
Tytuł Koszalińskie Studia i Materiały. -
Adres wydawniczy Koszalin : Wydaw. Uczelniane Politechniki Koszalińskiej, 2003. -
Informacje dotyczące relacji nr 5, s. 189-198
942 ## - HASŁO DODATKOWE - ELEMENTY(KOHA)
Typ dokumentu Artykuł
Schemat klasyfikacji Uniwersalna klasyfikacja dziesiętna
Egzemplarze
Wycofany Zagubiony Uszkodzony Dostępność Lokalizacja stała Lokalizacja bieżąca Sygnatura Typ dokumentu
      Dostępny Bibliografia Prac Pracowników - BPK Bibliografia Prac Pracowników - BPK 0856 Artykuł
© 2014 Biblioteka Politechniki Koszalińskiej :: BIBLIOGRAFIA PRAC PRACOWNIKÓW